| 000 | 00663nam a22001817i 4500 | ||
|---|---|---|---|
| 999 |
_c23386 _d23386 |
||
| 003 | AR-CdUCM | ||
| 008 | 250902b20182018 pe||||| |||| 00| 0 spa d | ||
| 040 |
_aMUNICIPALIDAD PROVINCIAL DEL CUSCO _cBIBLIOTECA MUNICIPAL DEL CUSCO |
||
| 041 | _hspa | ||
| 082 |
_a869.57 / L93E _bL93E |
||
| 100 |
_aLobatón Choque, Jorge _951478 |
||
| 245 | _aEn mi Infierno a veces sale la luna : | ||
| 260 |
_aCusco : _bAutor-Editor _c2018 |
||
| 300 |
_a106 páginas. : _c21x15 cm. |
||
| 505 | _aMillonaria pretensión -- Evitando chácharas - Acompáñame -- Si regresaras -- Lo bueno ya ha terminado -- Fugitivo -- astrofilia | ||
| 942 |
_2ddc _cLIBROS |
||
| 945 |
_apbjr _d2-09-2025 |
||